Rock Songs #3 - Statistics

General Stats
  • This quiz has been taken 68 times
  • The average score is 7 of 20
Answer Stats
Song Name Number of Spotify Streams to nearest Million Artist % Correct
Iron Man 460 Black Sabbath
88%
White Wedding Pt 1 276 Billy Idol
67%
The Boys Are Back In Town 417 Thin Lizzy
67%
Down Under 766 Men At Work
66%
Hungry Like The Wolf 378 Duran Duran
63%
Pinball Wizard 203 The Who
55%
Highway Star 207 Deep Purple
42%
Joker And the Thief 297 Wolfmother
38%
Bodies 470 Drowning Pool
36%
Mother 268 Danzig
34%
Wasted Years 144 Iron Maiden
33%
I Believe In A thing Called Love 241 The Darkness
31%
Living Dead Girl 154 Rob Zombie
28%
Figure it out 244 Royal Blood
17%
Absolute Zero 166 Stone Sour
14%
Miss Alissa 70 Eagles of Death Metal
13%
Dig Up her Bones 56 Misfits
11%
The Art Of dying 24 Gojira
9%
Easy Livin` 34 Uriah Heep
9%
Going To Brazil 5 Motorhead
6%
No matching quizzes found
Score Distribution
Percent of People with Each Score
Percentile by Number Answered
Your Score History
You have not taken this quiz